Risk It All (All Lyrics) - Bruno Mars - Statistics

General Stats
  • This quiz has been taken 217 times
  • The average score is 175 of 210
Answer Stats
Answer % Correct
a
100%
You
100%
you
100%
For
99%
for
99%
to
99%
To
99%
I
98%
me
98%
the
98%
your
96%
do
95%
just
95%
win
94%
heart
92%
be
90%
it
90%
all
89%
anything,
89%
would
89%
chance
88%
risk
88%
by
87%
It's
87%
it's
87%
ask
86%
I'd
86%
could
85%
but
83%
crazy,
83%
nothing
83%
moon,
82%
true,
82%
mine
81%
mountain
81%
bar
80%
fly
80%
learn
80%
Say
80%
there's
80%
want
80%
watch
80%
won't
80%
wouldn't
80%
stars
79%
call
77%
climb
77%
I'll
77%
set
77%
and
76%
hold
76%
on
76%
time
76%
end
74%
hand
74%
of
74%
point
73%
beyond
71%
man
70%
side
70%
Ain't
68%
fire
68%
through
68%
run
67%
I'm
62%
Till
62%
If
57%
line,
56%
Oh,
54%
take
54%
across
50%
swim
50%
heart's
49%
sea
49%
in
48%
tryna
48%
my
46%
that
46%
go
45%
show
40%
prove
38%
life
37%
arms
35%
here,
35%
belong
33%
Sacrifice
33%
No matching quizzes found
Score Distribution
Percent of People with Each Score
Percentile by Number Answered
Your Score History
You have not taken this quiz